|
|
|
|
| LEADER |
00000nab a2200000 a 4500 |
| 001 |
vtls000998777 |
| 003 |
SK-MaSNL |
| 005 |
20260319074027.0 |
| 008 |
040720e18860000xo 0 hun |
| 035 |
|
|
|a RVH1381
|
| 040 |
|
|
|a RVGKPD
|b slo
|c RVGKPD
|e AACR2
|
| 041 |
0 |
|
|a slo
|
| 044 |
|
|
|a xo
|c SK
|
| 080 |
|
|
|a 725.75
|2 1981
|
| 245 |
0 |
0 |
|a A püspöki fürdő
|
| 518 |
|
|
|a 1888
|
| 650 |
0 |
7 |
|a kúpele
|2 RVGKPD
|9 1139
|
| 650 |
0 |
7 |
|a rekonštrukcie
|2 RVGKPD
|9 24616
|
| 650 |
0 |
7 |
|a plány
|2 RVGKPD
|9 939
|
| 655 |
|
7 |
|a periodikum
|2 snkbucl
|9 29553
|
| 773 |
0 |
8 |
|t Rozsnyói Hiradó
|g Roč. 9, č.37, 12.09.1886, s. 3
|
| 852 |
|
|
|a ZVYKNI
|b KIS3GCP
|
| 999 |
|
|
|c 1686539
|d 1688469
|